COMPUTER NETWORKS (Record no. 216542)

MARC details
000 -LEADER
fixed length control field 00506nam a22001817a 4500
008 - FIXED-LENGTH DATA ELEMENTS--GENERAL INFORMATION
fixed length control field 260204b |||||||| |||| 00| 0 eng d
020 ## - INTERNATIONAL STANDARD BOOK NUMBER
International Standard Book Number 978-1-2923-7406-2
100 ## - MAIN ENTRY--PERSONAL NAME
Personal name TANENBAUM, ANDREW S.
245 ## - TITLE STATEMENT
Title COMPUTER NETWORKS
250 ## - EDITION STATEMENT
Edition statement 6TH ED
260 ## - PUBLICATION, DISTRIBUTION, ETC.
Place of publication, distribution, etc. HARLOW
Name of publisher, distributor, etc. PEARSON EDUCATION
Date of publication, distribution, etc. 2021
300 ## - PHYSICAL DESCRIPTION
Extent XXII, 922P.
500 ## - GENERAL NOTE
General note INCLUDES INDEX
650 ## - SUBJECT ADDED ENTRY
Topical term or geographic name entry element 1. COMPUTER NETWORKS 2. DATA TRANSMISSION SYSTEM 3. INTERNET
700 ## - ADDED ENTRY--PERSONAL NAME
Personal name FEAMSTER, NICK
942 ## - ADDED ENTRY ELEMENTS (KOHA)
Source of classification or shelving scheme Library of Congress Classification
Koha item type Long Loan Book
Holdings
Withdrawn status Lost status Source of classification or shelving scheme Damaged status Not for loan Collection Home library Current library Shelving location Date acquired Inventory number Total checkouts Full call number Barcode Date last seen Copy number Price effective from Koha item type
    Library of Congress Classification     Science & Technology Kisii University Library Kisii University Library On Display 02/04/2026 111419   TK 5105.5 .T36 2021 50681 02/04/2026 1 02/04/2026 Long Loan Book
    Library of Congress Classification     Science & Technology Kisii University Library Kisii University Library On Display 02/04/2026 111420   TK 5105.5 .T36 2021 50675 02/04/2026 2 02/04/2026 Long Loan Book
    Library of Congress Classification     Science & Technology Kisii University Library Kisii University Library On Display 02/04/2026 111421   TK 5105.5 .T36 2021 50693 02/04/2026 3 02/04/2026 Long Loan Book